Fiber optic and laser sensors V : 17-19 August 1987, San Diego, California /

Bibliographic Details
Corporate Author: Society of Photo-optical Instrumentation Engineers
Other Authors: De Paula, Ramon P., Udd, Eric
Format: Book
Language:English
Published: Bellingham, Wash., USA : SPIE--the International Society for Optical Engineering, [1988]
Series:Proceedings of SPIE--the International Society for Optical Engineering ; v. 838.
Subjects:

MARC

Tag First Indicator Second Indicator Subfields
LEADER 00000cam a2200000 a 4500
001 in00000029856
005 20151007054811.0
008 880412s1988 waua b 10100 eng d
010 |a  87062546  
020 |a 0892528737 (pbk.) 
035 |a (OCoLC)17778210 
035 |9 AAB6250AM 
040 |a SCT  |c SCT  |d NRC  |d TXA  |d UtOrBLW 
049 |a TXAM  |c [A12594999] 
050 4 |a TA1800  |b .F49524 1988 
082 0 4 |a 621.36/92  |2 19 
245 0 0 |a Fiber optic and laser sensors V :  |b 17-19 August 1987, San Diego, California /  |c Ramon P. De Paula, Eric Udd, chairs/editors ; sponsored by SPIE--the International Society for Optical Engineering ; cooperating organizations, Applied Optics Laboratory/New Mexico State University [and others]. 
264 1 |a Bellingham, Wash., USA :  |b SPIE--the International Society for Optical Engineering,  |c [1988] 
264 4 |c ©1988 
300 |a viii, 392 pages :  |b illustrations ;  |c 28 cm. 
336 |a text  |b txt  |2 rdacontent 
337 |a unmediated  |b n  |2 rdamedia 
338 |a volume  |b nc  |2 rdacarrier 
490 1 |a Proceedings of SPIE--The International Society for Optical Engineering ;  |v v. 838 
504 |a Includes bibliographical references and index. 
650 0 |a Fiber optics  |v Congresses. 
650 0 |a Optical detectors  |v Congresses. 
700 1 |a De Paula, Ramon P. 
700 1 |a Udd, Eric. 
710 2 |a Society of Photo-optical Instrumentation Engineers. 
830 0 |a Proceedings of SPIE--the International Society for Optical Engineering ;  |v v. 838. 
999 |a MARS 
999 f f |s be6c60b1-9e15-3d5d-9371-0635a63d36e4  |i f1c19354-296f-32ad-84a6-62720965b8fd  |t 0 
952 f f |p ric  |a Texas A&M University  |b Rellis Campus  |c Joint Library Facility  |d Remote Storage  |t 0  |e TA1800 .F49524 1988  |h Library of Congress classification  |i unmediated -- volume  |m A14812594999 
998 f f |a TA1800 .F49524 1988  |t 0  |l Remote Storage